Online Catalogue and eLibrary

Barathiyum shelliyum (Record no. 3859)

MARC details
000 -LEADER
fixed length control field 00479nam a2200157Ia 4500
005 - DATE AND TIME OF LATEST TRANSACTION
control field 20250324051037.0
008 - FIXED-LENGTH DATA ELEMENTS--GENERAL INFORMATION
fixed length control field 240331s9999 xx 000 0 und d
082 ## - DDC Classification
Item Number - Author Mark RAG
Class No. 894
100 ## - MAIN ENTRY--PERSONAL NAME
Personal name Ragunathan, R
245 #0 - TITLE STATEMENT
Title Barathiyum shelliyum
250 ## - EDITION STATEMENT
Edition statement 4th
260 ## - PUBLICATION, DISTRIBUTION, ETC.
Place of publication, distribution, etc. Chennai
Name of publisher, distributor, etc. New Century book house private Ltd
Date of publication, distribution, etc. 1988
300 ## - PHYSICAL DESCRIPTION
Extent (e.g. Volumes, Pages etc.) 292 p .,
500 ## - GENERAL NOTE
General note In nool namathu maha kavi bharathiyayum aangila naadu maha kavi chelliyaum patriya or oppitu arachiyakum.
942 ## - Koha item type (Biblio)
Koha item type Books in Stacks (Lending)
Holdings
Lost status Damaged status Collection code Home library Current library Shelving location Date acquired Full call number Accession Number Item type
    Lending WERC Library WERC Library Social Science Cupboard 03/31/2024 894.811 RAG 834 Books in Stacks (Lending)

© WERC Library